Statistics for Star Wars - All Species

Click here to take the quiz!

General Stats

  • This quiz has been taken 776 times
    (502 since last reset)
  • The average score is 35 of 145

Answer Stats

Famous MemberSpecies% Correct
Lando CalrissianHuman
92%
JabbaHutt
81%
Jar Jar BinksGungan
79%
Aayla SecuraTwi'lek
78%
WicketEwok
76%
Poggle the LesserGeonosian
66%
GreedoRodian
62%
ChewbaccaWookiee
62%
Lama SuKaminoan
61%
Gial AckbarMon Calamari
61%
Eeth KothZabrak
60%
Shaak TiTogruta
59%
BosskTrandoshan
56%
ThrawnChiss
50%
WattoToydarian
48%
Asajj VentressDathomirian
47%
Cad BaneDuros
46%
YodaUnknown
46%
SebulbaDug
43%
A'sharad HettTusken
43%
DathchaJawa
42%
Nute GunrayNeimoidian
42%
Nien NunbSullustan
40%
GrievousKaleesh
39%
Plo KoonKel Dor
39%
Kit FistoNautolan
39%
TikkesQuarren
39%
Ponda BabaAqualish
38%
Figrin D'anBith
38%
Ki Adi MundiCerean
38%
Grand InquisitorPau'an
37%
Hondo OhnakaWeequay
37%
Garazeb OrreliosLasat
36%
Naga SadowSith
36%
Luminara UnduliMirialan
34%
San HillMuun
34%
Salaceious CrumbKowakian
33%
Riyo ChuchiPantoran
32%
Pong KrellBesalisk
31%
Momaw NadonIthorian
31%
Ima-gun-diNikto
28%
Sly MooreUmbaran
28%
Mas AmeddaChagrian
27%
ZuckussGand
26%
Saesee TiinIktotchi
26%
Wat TamborSkakoan
26%
Koth MelanBothan
25%
Zam WessellClawdite
25%
Even PiellLannik
25%
UglosteUgnaught
25%
Ask AakGran
24%
Miraj ScintelZygerrian
24%
The FatherCelestial
23%
LabriaDevaronian
23%
GartoggGamorrean
23%
Max ReboOrtolan
23%
Skal'nasRakata
23%
Tenth BrotherMiraluka
22%
RukhNoghri
22%
MuftakTalz
22%
Stass AllieTholothian
22%
Deliah BlueZeltron
22%
Volfe KarrkoAnzat
21%
BaradaKlatooinian
21%
Nom AmorYuuzhan Vong
21%
Tsui ChoiAleena
20%
Tee Watt KaaLurmen
20%
ChivosMustafarian
20%
Marg KrimPyke
20%
K'KhrukWhiphid
20%
JuhaniCathar
19%
Rokak'kGree
19%
Hem DazonArcona
18%
CasissFelucian
18%
DerrownParwan
18%
Coleman TreborVurk
18%
Saba SebatyneBarabel
17%
Queen JuliaBardottan
17%
Xomit GrunseitFalleen
17%
TrenchHarch
17%
Darth NihlNagai
17%
Elegos A'KlaCaamasi
16%
KabeChadra-fan
16%
Riff TamsonKarkarodon
16%
EmboKyuzo
16%
Yarael PoofQuermian
16%
MantuSelkath
16%
AmanamanAmani
15%
IasentoMimbanese
15%
Coleman KcajOngree
15%
Oppo RancisisThisspiasian
15%
Joh YowzaYuzzum
15%
Thongla JurAnx
14%
Ephant MonChevin
14%
TiplarMikkian
14%
Sh'tk'ithSsi-ruuk
14%
Elan SleazebagganoBalosar
13%
GinderBimm
13%
LokmarchaDresselian
13%
DratunGotal
13%
Garindan Ezz ZavorKubaz
13%
Moralo EvalPhindian
13%
DromaRyn
13%
Nil SpaarYevetha
13%
Yarna D'al GarganAskajian
12%
Tera SinubeCosian
12%
Shu MaiGossam
12%
Gume SaamIshi Tib
12%
Passel ArgenteKoorivar
12%
Tra'SaaNeti
12%
Sy SnootlesPa'lowick
12%
HalseyRoonan
12%
MuerdoUtai
12%
GasganoXexto
12%
Unkar PluttCrolute
11%
Tanus SpijekElom
11%
Droppy McCoolKitonak
11%
Chulco GiLorrdian
11%
Lav SivrakShistavanen
11%
BenthicTognath
11%
Adari VaalKeshiri
10%
Bec LawiseSiniteen
10%
TakeelSnivvian
10%
EstoshVagaari
10%
EfforVerpine
10%
Saelt MaraeYarkora
10%
EbrihimDrall
9%
Dorsk 81Khommite
9%
Tee VaMoogan
9%
Chertyl RuluwoorSelonian
9%
Elis HelrotGivin
8%
QensogHerglic
8%
(No named members)Junker
8%
Fae CovenJenet
7%
Rikkar-DuCodru-Ji
6%
Porolo MiatamiaDiamal
6%
Jay IgnoNimbanel
6%
SixtatSakiyan
6%
Hass SonaxSluissi
6%
Qlaern HirfVratix
6%
Ord EnisenceSkrilling
5%
BargthronTof
5%
M'iiyom OnithH'nemthe
4%
Av'muruIshori
3%
Maneeli TuunKallidahin
3%

Score Distribution

Percentile by Number Answered

Percent of People with Each Score

Your Score History

You have not taken this quiz since the last reset